Surnoms des états des États-Unis. - Statistiques

Statistiques générales
  • Ce quiz a été pris 25 fois
  • Le résultat moyen est 10 sur 50
Statistiques - réponses
HINT ANSWER % Correct
Californie Golden State
78%
Delaware First State
56%
Texas Lone Star State
56%
Nevada Silver State
56%
New York Empire State
44%
Virginie-Occidentale Mountain State
44%
Floride Sunshine State
44%
Hawaï Aloha State
33%
Oregon Beaver State|Pacific Wonderland
33%
Connecticut Constitution State
33%
Alaska Last Frontier
33%
Arkansas Natural State
33%
Rhode Island Ocean State
33%
Géorgie Peach State
33%
Utah Beehive State
22%
Kentucky Bluegrass State
22%
Colorado Centennial State
22%
Washington Evergreen State
22%
New Jersey Garden State
22%
New Hampshire Granite State
22%
Vermont Green Mountain State
22%
Alabama Heart of Dixie|Yellowhammer State
22%
Pennsylvanie Keystone State
22%
Dakota du Sud Mount Rushmore State
22%
Louisiane Pelican State|Sportsman's Paradise
22%
Maine Pine Tree State
22%
Oklahoma Sooner State|Native America
22%
Michigan Wolverine State|Great Lake State
22%
Massachusetts Bay State
11%
Ohio Buckeye State
11%
Wyoming Equality State
11%
Idaho Gem State
11%
Arizona Grand Canyon State
11%
Indiana Hoosier State
11%
Mississippi Magnolia State
11%
Minnesota North Star State|Land of 10000 Lakes
11%
Caroline du Sud Palmetto State
11%
Tennessee Volunteer State
11%
Wisconsin Badger State
0%
Nebraska Cornhusker State|Beef State
0%
Iowa Hawkeye State
0%
Nouveau-Mexique Land of Enchantment
0%
Virginie Old Dominion
0%
Maryland Old Line State
0%
Dakota du Nord Peace Garden State
0%
Illinois Prairie State|Land of Lincoln
0%
Missouri Show-Me State
0%
Kansas Sunflower State|The Wheat State
0%
Caroline du Nord Tar Heel State|Old North State|First in Flight
0%
Montana Treasure State|Big Sky Country
0%
Aucun quiz correspondant
Distribution des résultats
% des personnes avec chaque résultat
Percentile par nombre de réponses
Votre historique - résultats
Vous n’avez pas pris ce quiz